00574nam a22001817a 450000500170000000800410001705000200005810000170007824500780009525000140017326000390018730000280022650000350025450400230028965000310031270000270034370000220037020150124125638.0131104t mxl||||| |||| 00| 0 spa d04aQA433bB73 19791 aBrand, Louis10aAnálisis Vectorial /cLouis Brand, tr. Tomás S. Garza, rev. E. Picazo a13a. imp. aMéxico :bC. E. C. S. A.,cr1979 a333 p. : bil. ;c23 cm aTraducción : Vector Analysis aIncluye apéndice 72LembaAnálisis Vectorial1 aS. Garza Tomás,etr.1 aPicazo E. ,erev.